000 00554nam a2200205Ia 4500
001 15037
003 GE_BSU
008 181216s||||||||xx |||||||||||||| ||und||
040 _cGE_BSU
080 _a514.743
100 _aВекуа,И.Н.
245 _aОсновы тензорного анализа
245 _cРед.Г.Ф.Манджавидзе
260 _aТбилиси
260 _bТбилисск.ун-т
260 _c1967
300 _a136стр.22см.
653 _aОсновы тензорного анализа
942 _cBK
999 _c48155
_d48155